000
00242nam a2200097Ia 4500
008
240331s9999 xx 000 0 und d
082
_b
BAL
100
_a
Ball, V
245
0
_a
Tribal and peasant life in the nineteenth centurary India
942
_c
L
999
_c
1955
_d
1955